| 000 | 00902nam a2200277 a 4500 | ||
|---|---|---|---|
| 001 | 53251 | ||
| 003 | BD-RJUL | ||
| 005 | 20211209075931.0 | ||
| 008 | 161004s1964 nyua b 000 0 eng | ||
| 035 | _aBD-RJUL 53371 | ||
| 040 |
_aDLC _cDLC _dUKM _dEQO _beng |
||
| 041 | _aeng | ||
| 082 |
_223 _a571.82 _bLEP 1964 |
||
| 100 | 1 |
_aLeopold, A. Carl _q(Aldo Carl), _d1919-2009. _9159173 |
|
| 245 | 1 | 0 |
_aPlant growth and development / _c[by] A. Carl Leopold. |
| 260 |
_aNew York : _bMcGraw-Hill, _c[1964] |
||
| 300 |
_axi, 466 p. : _bill. ; _c24 cm. |
||
| 490 | 1 | _aMcGraw-Hill publications in the biological sciences | |
| 504 | _aIncludes bibliographies. | ||
| 650 | 0 |
_aGrowth (Plants) _9159174 |
|
| 650 | 0 |
_aPlants _xDevelopment. _9159175 |
|
| 650 | 0 |
_aPlant physiology. _9159176 |
|
| 830 | 0 |
_aMcGraw-Hill publications in the biological sciences _9128807 |
|
| 942 |
_2ddc _cBK |
||
| 999 |
_c53251 _d53251 |
||